00536nam a2200181Ia 450000500170000000800410001704000190005804100120007708200200008910000190010924500970012826000290022530000170025450400190027165000180029065100360030885000100034420230310101428.0131103s9999 xx 000 0 und d aLoreto College aEnglish a822.33bSHA-HAW aHawkes,Terence aShakespeare and the reasonb a study of the tragedies and the problem plays cTerence Hawkes aLondonbRoutledge c1964 axiii,207 p.  aIncludes index aEnglish Drama aShakespeare,William - Criticism aLCLIB